[Event "COL-ch U08 Girls"]
[Site "Santander"]
[Date "2012.06.13"]
[Round "1"]
[White "Albor Rebolledo, Andrea Maria"]
[Black "Diaz Demoya, Camila"]
[Result "1-0"]
[WhiteElo "1321"]
[BlackElo "1273"]
[PlyCount "131"]
[EventDate "2012.06.13"]
[EventType "tourn"]
[EventRounds "9"]
[EventCountry "COL"]
[SourceTitle "EXT 2014"]
[Source "ChessBase"]
[SourceDate "2013.11.20"]
[SourceVersion "1"]
[SourceVersionDate "2013.11.20"]
[SourceQuality "1"]

1. e4 e5 2. Nf3 Nc6 3. Bb5 h6 4. 0-0 Nf6 5. Nc3 Bc5 6. d3 0-0 7. Nh4 d6 8. Bxc6 bxc6 9. Qf3 Bg4 10. Qg3 Qd7 11. Be3 Rab8 12. Rab1 Rb7 13. Bxc5 dxc5 14. d4 cxd4 15. Ne2 Rfb8 16. b3 Kf8 17. Qxe5 Rb5 18. Qf4 g6 19. Qxh6+ Kg8 20. Nf4 Rh5 21. Nxh5 Nxh5 22. Nxg6 fxg6 23. Qxg6+ Qg7 24. Qxc6 Rc8 25. Qa6 Rb8 26. Qxa7 Qf8 27. e5 c5 28. e6 Bxe6 29. Rfe1 Bf7 30. Re5 Nf4 31. Rg5+ Ng6 32. Qa6 Kh7 33. Rh5+ Kg7 34. Qa5 Rc8 35. Qd2 Nf4 36. Qxf4 Bxh5 37. Qg5+ Kh7 38. Re1 Re8 39. Qd2 Re7 40. Rxe7+ Qxe7 41. h3 Qe6 42. Qg5 Bg6 43. c4 Qd6 44. a4 Qb6 45. b4 Qxb4 46. Qe7+ Kh6 47. h4 Qxc4 48. Qg5+ Kg7 49. h5 Qxa4 50. h6+ Kh7 51. f4 Be4 52. Kh2 Qa7 53. f5 Bd5 54. Qg6+ Kh8 55. Qf6+ Kh7 56. g4 Qc7+ 57. Kg1 Ba8 58. Kf1 c4 59. g5 Qf4+ 60. Ke1 Qe4+ 61. Kd1 Qg4+ 62. Kc1 Qf4+ 63. Kc2 d3+ 64. Kc3 d2 65. g6+ Kg8 66. Qg7# 1-0